[Event "RUS-chT U18"]
[Site "Sochi"]
[Date "2007.05.08"]
[Round "?"]
[White "Pocenjuk, A."]
[Black "Nastaschuk, S."]
[Result "1-0"]
[WhiteElo "2091"]
[BlackElo "1852"]
[PlyCount "57"]
[EventDate "2007.05.02"]
[EventType "team"]
[EventRounds "9"]
[EventCountry "RUS"]
[SourceTitle "CBM 118 Extra"]
[Source "ChessBase"]
[SourceDate "2007.07.04"]
[SourceVersion "1"]
[SourceVersionDate "2007.07.04"]
[SourceQuality "1"]

1. e4 c5 2. Nf3 Nc6 3. d4 cxd4 4. Nxd4 g6 5. Nc3 Bg7 6. Be3 Nf6 7. Bc4 0-0 8. Bb3 a5 9. f3 d6 10. Qd2 Bd7 11. a4 Rc8 12. Nxc6 bxc6 13. 0-0 Be6 14. Bxe6 fxe6 15. Rad1 Rb8 16. b3 e5 17. Qd3 Qd7 18. Qa6 Ra8 19. Qc4+ Kh8 20. h3 Nh5 21. Kh2 e6 22. Bc5 d5 23. Bxf8 Rxf8 24. Ne2 Bh6 25. g4 Nf4 26. Nxf4 Bxf4+ 27. Kg2 h5 28. Qc5 Qf7 29. Qxa5 1-0